VA/DoD clinical practice guideline for the management of chronic kidney disease in primary care /

Bibliographic Details
Corporate Authors: United States. Management of COPD Working Group (Author), United States. Veterans Health Administration. Office of Quality, Safety, and Value (sponsoring body.), United States. Army Medical Command. Office of Evidence Based Practice (sponsoring body.)
Format: Government Document eBook
Language:English
Published: [Washington, D.C.] : Department of Veterans Affairs : Department of Defense, 2014.
Edition:Version 3.0 - 2014.
Subjects:
Online Access:https://purl.fdlp.gov/GPO/gpo114954

MARC

Tag First Indicator Second Indicator Subfields
LEADER 00000nam a2200000 i 4500
001 in00004050921
005 20190307111430.0
006 m o d f
007 cr bn|||||||||
008 190116s2014 dcua ob f000 0 eng c
035 |a (OCoLC)on1082364708 
042 |a pcc 
043 |a n-us--- 
040 |a GPO  |b eng  |e rda  |e pn  |c GPO  |d MvI 
049 |a WWW 
074 |a 0987 (online) 
086 0 |a VA 1.10:K 54/2014 
110 1 |a United States.  |b Management of COPD Working Group,  |e author. 
245 1 0 |a VA/DoD clinical practice guideline for the management of chronic kidney disease in primary care /  |c prepared by the Management of Chronic Kidney Disease Working Group. 
246 3 0 |a Management of chronic kidney disease in primary care 
246 3 |a Veterans Affairs Department of Defense clinical practice guideline for the management of chronic kidney disease in primary care 
250 |a Version 3.0 - 2014. 
264 1 |a [Washington, D.C.] :  |b Department of Veterans Affairs :  |b Department of Defense,  |c 2014. 
300 |a 1 online resource (117 pages) :  |b illustrations 
336 |a text  |b txt  |2 rdacontent 
337 |a computer  |b c  |2 rdamedia 
338 |a online resource  |b cr  |2 rdacarrier 
500 |a "With support from the Office of Quality Safety and Value, VA, Washington, DC & Office of Evidence Based Practice, US Army Medical Command." 
500 |a "December 2014." 
500 |a "Based on evidence reviewed through December 2013"--Page 2. 
500 |a Includes tables. 
504 |a Includes bibliographical references (pages 105-117). 
588 |a Description based on online resource; title from PDF cover (VA website, viewed January 16, 2019). 
650 0 |a Chronic renal failure  |z United States  |v Handbooks, manuals, etc. 
650 0 |a Kidneys  |x Diseases  |z United States  |v Handbooks, manuals, etc. 
650 0 |a Clinical medicine  |z United States  |v Handbooks, manuals, etc. 
650 0 |a Veterans  |x Medical care  |z United States. 
655 7 |a Handbooks and manuals.  |2 lcgft 
710 1 |a United States.  |b Department of Veterans Affairs,  |e issuing body. 
710 1 |a United States.  |b Department of Defense,  |e issuing body. 
710 1 |a United States.  |b Veterans Health Administration.  |b Office of Quality, Safety, and Value,  |e sponsoring body. 
710 1 |a United States.  |b Army Medical Command.  |b Office of Evidence Based Practice,  |e sponsoring body. 
856 4 0 |u https://purl.fdlp.gov/GPO/gpo114954  |t 0 
999 f f |s f58d6e19-ca85-3b30-9400-73466dfa3591  |i cc587be4-d753-34ab-b283-9f61aa0aa445  |t 0 
952 f f |a Texas A&M University  |b College Station  |c Electronic Resources  |d Available Online  |t 0  |e VA 1.10:K 54/2014  |h Superintendent of Documents classification 
998 f f |a VA 1.10:K 54/2014  |t 0  |l Available Online